Представление документа в формате MARC21

ПолеНазваниеЗначение
  Тип записи a
  Библиографический уровень m
001 Контрольный номер RU\infra-m\znanium\bibl\2217041
005 Дата корректировки 20260429142058.4
008 Кодируемые данные 260414s2026 RU g rus u
020 Индекс ISBN __
a ISBN 978-5-16-021208-1
020 Индекс ISBN __
a ISBN 978-5-16-113926-4 (электр. издание)
040 Источник каталогиз. __
a Служба первич. каталог. Общество с ограниченной ответственностью «ЗНАНИУМ»
041 Код языка издания __
a Код языка текста rus
044 Код страны публикации __
a Код страны публикации RU
080 Индекс УДК __
a Индекс УДК 005.95(075.4)
084 Индекс другой классификации/Индекс ББК __
2 Источник индекса rubbk
a Индекс другой классификации/Индекс ББК 65.291.6-21
084 Индекс другой классификации/Индекс ББК __
2 Источник индекса okso
a Индекс другой классификации/Индекс ББК 37.04.02
084 Индекс другой классификации/Индекс ББК __
2 Источник индекса okso
a Индекс другой классификации/Индекс ББК 38.04.02
084 Индекс другой классификации/Индекс ББК __
2 Источник индекса okso
a Индекс другой классификации/Индекс ББК 38.04.03
084 Индекс другой классификации/Индекс ББК __
2 Источник индекса okso
a Индекс другой классификации/Индекс ББК 38.04.04
084 Индекс другой классификации/Индекс ББК __
2 Источник индекса okso
a Индекс другой классификации/Индекс ББК 38.06.01
100 Автор __
a Автор Дуракова И.Б.
q Полное имя Дуракова Ирина Борисовна
u Дополнение Воронежский государственный университет
245 Заглавие __
a Заглавие Управление персоналом в России: развитие или status quo?: Книга 13
b Продолж. заглавия Монография
c Ответственность Воронежский государственный университет; Уральский федеральный университет им. первого Президента России Б.Н. Ельцина; Государственный университет управления; Московский государственный университет им. М.В. Ломоносова, экономический факультет; Воронежский государственный университет; МЕДАВИКО КУРСК ООО; Воронежский государственный медицинский университет им. Н.Н. Бурденко; Армянский государственный экономический университет
250 Сведения об издании __
a Основные сведения об издании 1
260 Выходные данные __
a Место издания Москва
b Издательство ООО "Научно-издательский центр ИНФРА-М"
c Дата издания 2026
300 Физическое описание __
a Объем 279 с.
440 Серия __
a Серия Научная мысль
520 Аннотация __
a Аннотация Монография содержит результаты исследований касающихся прежде всего нового научного видения основных трендов управления персоналом. Рассматриваются последствия пандемии COVID-19 экономических санкций и <<кадрового голода>> как факторы пересмотра подходов к формированию кадровой политики. Обосновывается видение управления демографической сферой через корпоративную гражданственность партнерства власти бизнеса и общества; демонстрируются проблемы глобального рынка труда. Приводится междисциплинарный взгляд на сохранение и развитие человеческого капитала корпораций с позиций международных основ интегрированной отчетности. Представлен сценарий актуальной и перспективной концепций устойчивого управления человеческими ресурсами сопровожденный показателями оценки устойчивости противоречиями взаимосвязью с благополучием работников. Аргументировано научное представление управления талантами эволюции взглядов на этику в контексте кадрового менеджмента необходимости и возможности управления направленного на «любовь к персоналу». Дана развернутая характеристика ментального здоровья ориентировочных критериев его наличия дано разъяснение современных психических состояний работника вызванных новой реальностью занятости и включения в социум. Выявлены новые обусловленные научной биологией способы обеспечения трудоспособности. Обосновано привлечение опыта плановой экономики в отношении обучения наставничества и удержания работников для преодоления дефицита рабочей силы. Будет полезна для исследователей в области кадрового менеджмента практическим работникам аспирантам и магистрантам.
521 Примеч. о цел. назн. __
a Примеч. о целев. назн. Дополнительное профессиональное образование
650 Тематические рубрики __
a Основная рубрика Управление (менеджмент)
x Основная подрубрика Управление персоналом
655 Указ. предметных рубрик (устаревшее) __
a Жанр/ форма (устаревшее) Монография
700 Другие авторы __
a Другие авторы Михайлов Ф.Б.
q Полное имя Михайлов Федор Борисович
u Дополнение Казанский (Приволжский) федеральный университет
700 Другие авторы __
a Другие авторы Мясников Д.А.
q Полное имя Мясников Дмитрий Алексеевич
u Дополнение Казанский (Приволжский) федеральный университет
700 Другие авторы __
a Другие авторы Багирова А.П.
q Полное имя Багирова Анна Петровна
u Дополнение Уральский федеральный университет им. первого Президента России Б.Н. Ельцина
700 Другие авторы __
a Другие авторы Саакян М.А.
q Полное имя Саакян Мария Арменаковна
u Дополнение Армянский государственный экономический университет
700 Другие авторы __
a Другие авторы Мелкумян А.С.
q Полное имя Мелкумян Анаит Сергеевна
u Дополнение Армянский государственный экономический университет
700 Другие авторы __
a Другие авторы Сапожникова Н.Г.
q Полное имя Сапожникова Наталья Глебовна
u Дополнение Воронежский государственный университет
700 Другие авторы __
a Другие авторы Коновалова В.Г.
q Полное имя Коновалова Валерия Германовна
u Дополнение Государственный университет управления
700 Другие авторы __
a Другие авторы Митрофанова Е.А.
q Полное имя Митрофанова Елена Александровна
u Дополнение Государственный университет управления
700 Другие авторы __
a Другие авторы Митрофанова А.Е.
q Полное имя Митрофанова Александра Евгеньевна
u Дополнение Государственный университет управления
700 Другие авторы __
a Другие авторы Разумова Т.О.
q Полное имя Разумова Татьяна Олеговна
u Дополнение Московский государственный университет им. М.В. Ломоносова, экономический факультет
700 Другие авторы __
a Другие авторы Золотина О.А.
q Полное имя Золотина Ольга Александровна
u Дополнение Московский государственный университет им. М.В. Ломоносова, экономический факультет
700 Другие авторы __
a Другие авторы Майер Е.В.
q Полное имя Майер Екатерина Витальевна
700 Другие авторы __
a Другие авторы Митина Н.Н.
q Полное имя Митина Наталья Николаевна
u Дополнение Воронежский государственный университет
700 Другие авторы __
a Другие авторы Гречко Т.Ю.
q Полное имя Гречко Татьяна Юрьевна
u Дополнение Воронежский государственный медицинский университет им. Н.Н. Бурденко
700 Другие авторы __
a Другие авторы Герр О.А.
q Полное имя Герр Ольга Алексеевна
700 Другие авторы __
a Другие авторы Рахманова Т.И.
q Полное имя Рахманова Татьяна Ивановна
u Дополнение Воронежский государственный университет
700 Другие авторы __
a Другие авторы Матасова Л.В.
q Полное имя Матасова Лариса Владимировна
u Дополнение Воронежский государственный университет
700 Другие авторы __
a Другие авторы Пугач С.П.
q Полное имя Пугач Светлана Петровна
u Дополнение МЕДАВИКО КУРСК ООО
700 Другие авторы __
a Другие авторы Марцевой А.А.
q Полное имя Марцевой Андрей Александрович
856 Электронный адрес документа 4_
a Имя сервера/домена znanium.ru
m Помощь ebs_support@infra-m.ru
n Местонахождение сервера НИЦ ИНФРА-М
u URL https://znanium.ru/catalog/document?id=481273
856 Электронный адрес документа 48
a Имя сервера/домена znanium.ru
d Путь /cover/2217
f Электронное имя 2217041.jpg
q Тип электронного формата image/jpeg
u URL https://znanium.ru/cover/2217/2217041.jpg
911 __
u 0030=https://znanium.ru/catalog/document?id=481273
911 __
u 712a=Уральский федеральный университет им. первого Президента России Б.Н. Ельцина
911 __
u 712a=Государственный университет управления
911 __
u 712a=Московский государственный университет им. М.В. Ломоносова, экономический факультет
911 __
u 712a=Воронежский государственный университет
911 __
u 712a=МЕДАВИКО КУРСК ООО
911 __
u 712a=Воронежский государственный медицинский университет им. Н.Н. Бурденко
911 __
u 712a=Армянский государственный экономический университет